Famous Movie Directors From Italian Neorealism And French New Wave - Statistics

General Stats
  • This quiz has been taken 36 times
  • The average score is 5 of 21
Answer Stats
Picture Answer % Correct
Jean-Luc Godard
79%
Federico Fellini
69%
Jean-Paul Sartre
52%
Vittorio De Sica
45%
Michelangelo Antonioni
31%
Claude Chabrol
24%
Francoise Sagan
24%
Jean Renoir
24%
Marguerite Duras
24%
Roberto Rossellini
17%
Jean Gabin
14%
Jean Vigo
14%
Roland Barthes
14%
Aime Cesair
10%
Alain-Robbe Grillet
10%
Luchino Visconti
10%
Marcel Carne
10%
Andre Bazin
7%
Francois Truffaud
7%
Marcel L'Herbier
7%
Rene Clair
3%
No matching quizzes found
Score Distribution
Percent of People with Each Score
Percentile by Number Answered
Your Score History
You have not taken this quiz